| 000 | 03256nam1a22004931 4500 | ||
|---|---|---|---|
| 001 | RU\NLR\A1\12826 | ||
| 005 | 20260407103926.0 | ||
| 035 | _a(NLR Aleph) 009675260 | ||
| 090 |
_a9679628 _c9679628 |
||
| 100 | _a19971119d1794 m y0rusy50 ca | ||
| 101 | 1 |
_arus _cfre |
|
| 102 | _aRU | ||
| 140 | _ay y efyaa0100 | ||
| 200 | 1 |
_aНовая Тысяча и одна ночь. _eСказки арабския. _fПеревод с французскаго. _gС картинами |
|
| 210 |
_aМосква _cв университетской типографии, у Хр. Ридигера и Хр. Клаудия _d1794 |
||
| 215 | _d8° | ||
| 300 | _aЦенз.: А.М.Брянцев. | ||
| 300 | _aТит. л. гравированы. Тит. л. наклеены на прежние наборные, на обороте которых осталось ценз. разрешение на "Продолжение Тысячи и одной ночи". | ||
| 300 | _aТитул. изд. кн.: Продолжение Тысячи и одной ночи. М., 1794-1795. | ||
| 300 | _aНа с.[3] посвящ. "от трудившихся в переводе" Е.В.Херасковой. | ||
| 321 | 1 | _aСК XVIII. Т.2. С.307 | |
| 451 | 1 |
_1001RU\NLR\A1\22414 _12001#$aПродолжение Тысячи и одной ночи,$eАрабския скаски.$fПеревод с французскаго. _99686274 _cМ. _d1794-1795 _fПеревод с французскаго. _nУнив. тип., у Хр.Ридигера и Хр.Клаудия _oАрабския скаски. _tПродолжение Тысячи и одной ночи, |
|
| 463 | 0 |
_1001RU\NLR\A1\12827 _12000#$aЧ.1 _913457638 _p[6], 215, [1] с., [1] л. ил. _tЧ.1 |
|
| 463 | 0 |
_1001RU\NLR\A1\12828 _12000#$aЧ.2 _913457639 _p[2], 207, [1] с., [2] л. ил. _tЧ.2 |
|
| 463 | 0 |
_1001RU\NLR\A1\12829 _12000#$aЧ.3 _913457640 _p[4], 268, [2] с., [2] л. ил. _tЧ.3 |
|
| 463 | 0 |
_1001RU\NLR\A1\12830 _12000#$aЧ.4 _913457641 _p[4], 223, [1] с., [1] л. ил. _tЧ.4 |
|
| 463 | 0 |
_1001RU\NLR\A1\12831 _12000#$aЧ.5 _913457642 _pVI, [2], 230 с., [2] л. ил. _tЧ.5 |
|
| 463 | 0 |
_1001RU\NLR\A1\12832 _12000#$aЧ.6 _913457643 _p[4], 264 с. _tЧ.6 |
|
| 463 | 0 |
_1001RU\NLR\A1\12833 _12000#$aЧ.7 _913457644 _p[4], 257, [1] с., [2] л. ил. _tЧ.7 |
|
| 463 | 0 |
_1001RU\NLR\A1\12834 _12000#$aЧ.8 _913457645 _p[4], 242 с., [1] л. ил. _tЧ.8 |
|
| 620 | _dМосква | ||
| 702 | 1 |
_4610 _7ca _8rus _aРидигер _bХ. _gХристиан _9232514 _3RU\NLR\AUTH\770232570 |
|
| 702 | 1 |
_4610 _7ca _8rus _aКлаудий _bХ.А. _f-1805 _gХристофор Александрович _9232381 _3RU\NLR\AUTH\770232437 |
|
| 702 | 1 |
_4190 _8rus _7ca _aБрянцев _bА. М. _f1749-1821 _gАндрей Михайлович _3RU\NLR\AUTH\77100860 _983786 |
|
| 702 | 1 |
_4280 _8rus _7ca _aХераскова _bЕ. В. _f1737-1809 _gЕлизавета Васильевна _3RU\NLR\AUTH\77127167 _9110091 |
|
| 712 | 0 | 2 |
_4610 _aМосковский университет _bТипография _3RU\NLR\AUTH\889932963 _9361140 |
| 801 | 0 |
_aRU _bNLR _c19971119 |
|
| 852 |
_aNLR _j18.257.3.33 |
||
| 899 |
_aРГБ _zЧ.8 |
||
| 899 |
_aГПИБ _zЧ.6 |
||
| 942 | _cBOOK | ||
| 980 | _aNB | ||
| 980 | _aA1XVIIIv | ||